000 00419nam a2200133Ia 4500
008 231129s1984||||xx |||||||||||||| ||spa||
040 _bspa
082 _a001.42 B453e
100 _aBeltran Martinez Hector
245 0 _aElementos formales de la investigacion : Tecnicas de estudio redaccion y presentacion de trabajos
260 _c1984
264 _aBogotá Colombia : Universidad Santo Tomas
942 _2ddc
_cBKS
999 _c12779
_d12779